[Event "chess.com SpeedChess Q1Sw"]
[Site "chess.com INT"]
[Date "2022.11.10"]
[Round "14"]
[White "Petrosyan, Manuel"]
[Black "Aditya, Mittal"]
[Result "1-0"]
[WhiteTitle "GM"]
[BlackTitle "IM"]
[WhiteElo "2621"]
[BlackElo "2486"]
[WhiteFideId "13300857"]
[BlackFideId "35042025"]
[EventDate "2022.11.10"]

1. d4 Nf6 2. Bf4 d5 3. e3 c5 4. Nf3 Nc6 5. Nbd2 Bg4 6. c3 e6 7. Qa4 Nd7 8. Ne5
Ndxe5 9. Bxe5 Bh5 10. dxc5 f6 11. Bg3 Bxc5 12. Bd3 Bg6 13. Bxg6+ hxg6 14. Nb3
Bd6 15. O-O-O Bxg3 16. hxg3 Rxh1 17. Rxh1 Kf7 18. f4 Qb6 19. Nd4 Rc8 20. Qb3 Qa6
21. Nxc6 Rxc6 22. a3 b5 23. Rh8 b4 24. Qxb4 Qf1+ 25. Kc2 Qxg2+ 26. Kb1 Qf1+ 27.
Ka2 Qc4+ 28. Qxc4 dxc4 29. Rd8 Ke7 30. Rd4 e5 31. fxe5 fxe5 32. Rd5 Ke6 33. e4
Rc8 34. Ra5 Rc7 35. a4 g5 36. g4 Kd6 37. Ka3 Rb7 38. Rd5+ Ke6 39. Rc5 Rb3+ 40.
Ka2 Rb7 41. Rxc4 Rf7 42. Rc6+ Kd7 43. Rg6 Rf4 44. Rxg5 Rxe4 45. Rxg7+ Kd6 46.
Kb3 a5 47. g5 Rg4 48. Rg8 Ke7 49. Ra8 Rxg5 50. Rxa5 Kd6 51. Kc4 Rg4+ 52. Kb5 e4
53. Ra8 Rg5+ 54. Kc4 Re5 55. Rd8+ Kc7 56. Rd2 e3 57. Re2 Re4+ 58. Kd3 Rxa4 59.
Rxe3 Kc6 60. Kc2 Kc5 61. b4+ Kc6 62. Kb3 Ra1 63. Kc4 Rc1 64. Re6+ Kc7 65. Rh6
Rc2 66. Kd4 Rc1 67. c4 Rd1+ 68. Kc5 Kb7 69. Rh7+ Kb8 70. b5 Rg1 71. b6 Rg6 72.
Kb5 Rg1 73. c5 Rc1 74. Kc6 1-0

[Event "chess.com SpeedChess Q1Sw"]
[Site "chess.com INT"]
[Date "2022.11.10"]
[Round "14"]
[White "Harshavardhan, G B"]
[Black "Rohith, Krishna S"]
[Result "1/2-1/2"]
[WhiteTitle "IM"]
[BlackTitle "FM"]
[WhiteElo "2426"]
[BlackElo "2380"]
[WhiteFideId "25059009"]
[BlackFideId "46617051"]
[EventDate "2022.11.10"]

1. d4 Nf6 2. c4 g6 3. Nc3 Bg7 4. e4 O-O 5. Be2 d6 6. Be3 Nc6 7. d5 Ne5 8. h3 c5
9. f4 Ned7 10. Nf3 a6 11. O-O b5 12. cxb5 axb5 13. Bxb5 Ba6 14. a4 Bxb5 15. axb5
Nb6 16. Qd3 Nfd7 17. Ra6 Qc7 18. Rfa1 Rab8 19. Nd2 Rfc8 20. Bf2 c4 21. Qc2 Nc5
22. Ra7 Qd8 23. Bxc5 Rxc5 24. Nf3 Rc7 25. R7a6 Nd7 26. Rc6 Nc5 27. e5 Rcb7 28.
Qe2 Nd7 29. Rxc4 Nb6 30. Rd4 Qc7 31. Kh1 Rc8 32. Re4 h6 33. Re1 Qc5 34. exd6
exd6 35. Re8+ Rxe8 36. Qxe8+ Kh7 37. Qc6 Rc7 38. Qxc5 Rxc5 39. Re7 Kg8 40. Rb7
Nxd5 41. Ne4 Rc1+ 42. Kh2 Nxf4 43. Nxd6 Rc2 44. Kg3 g5 45. Kg4 Rxg2+ 46. Kf5
Rxb2 47. Nxf7 Rc2 48. N3e5 Nxh3 49. b6 Rf2+ 50. Ke4 Rb2 51. Rb8+ Kh7 52. Nd6
Rb4+ 53. Kf5 g4 54. Nxg4 Rf4+ 55. Ke6 Rxg4 56. b7 Ng5+ 57. Kf5 Rb4 58. Rc8 Nf7
59. Nxf7 Rxb7 60. Nd6 Rd7 61. Ke6 Ra7 62. Nb5 Ra5 63. Nd6 Ra6 64. Rd8 h5 65. Kf7
Ra7+ 66. Ke6 Ra1 67. Nf5 Re1+ 68. Kf7 Rf1 69. Ke6 Rf4 70. Rd7 Rg4 71. Rc7 Rg6+
72. Kd5 Rg5 73. Ke4 Rg4+ 74. Kf3 Rg5 75. Kf4 Rg4+ 76. Kf3 Kh8 77. Rc8+ Kh7 78.
Rc7 1/2-1/2

[Event "chess.com SpeedChess Q1Sw"]
[Site "chess.com INT"]
[Date "2022.11.10"]
[Round "14"]
[White "Yuan, Qingyu"]
[Black "Tan, Zhongyi"]
[Result "0-1"]
[BlackTitle "GM"]
[WhiteElo "2373"]
[BlackElo "2514"]
[WhiteFideId "8609772"]
[BlackFideId "8603642"]
[EventDate "2022.11.10"]

1. e4 c5 2. Nf3 d6 3. d4 cxd4 4. Qxd4 Nc6 5. Qe3 g6 6. Be2 Bg7 7. O-O Nf6 8. h3
O-O 9. Rd1 Qb6 10. Nc3 Qxe3 11. Bxe3 a6 12. a3 b5 13. Nd4 Bb7 14. Nxc6 Bxc6 15.
f3 Rfc8 16. Bd4 Rab8 17. Na2 Nh5 18. Nb4 Nf4 19. Kf2 Bb7 20. c3 a5 21. Nc2 Nxe2
22. Kxe2 Bf8 23. Rac1 Ba6 24. Kf2 Bb7 25. Ba7 Ra8 26. Be3 e6 27. Rd2 d5 28. e5
b4 29. Bd4 bxc3 30. Bxc3 Bh6 31. Ne3 a4 32. g3 Ba6 33. f4 Rab8 34. Rd4 Bb5 35.
Rdd1 Bf8 36. Bd4 Bd7 37. Kf3 h5 38. Ke2 Rb3 39. Rxc8 Bxc8 40. h4 Ba6+ 41. Kf2
Rb8 42. Rc1 Be7 43. Ke1 Bd8 44. Kf2 Ba5 45. Rc6 Bb5 46. Rc5 Bd2 47. Rc2 Bxe3+
48. Kxe3 Bc4 49. Rd2 Rb3+ 50. Bc3 Kf8 51. Kd4 Ke7 52. Kc5 Kd7 53. Kd4 Kc6 54.
Ke3 Kc5 55. Rd4 Bb5 56. Kd2 Bc4 57. Kc2 Kb5 58. Kd2 Kc5 59. Kc2 Kc6 60. Rd1 Rb4
61. axb4 Bb3+ 62. Kd2 Bxd1 63. Kxd1 Kb5 64. Ke2 Kc4 65. Kd2 d4 66. b5 dxc3+ 67.
bxc3 Kxb5 68. Kd3 Kc5 69. Kd2 Kc4 70. Kc2 a3 71. Kc1 Kxc3 72. Kb1 Kd3 73. Ka2
Ke3 74. Kxa3 Kf3 75. Kb4 Kxg3 76. Kc5 Kxf4 77. Kd6 Kf5 78. Ke7 Kxe5 79. Kxf7 Kf5
80. Kg7 e5 81. Kh6 e4 0-1